00250nam a2200085Ia 4500008004100000100002000041245007100061260002400132300000800156201210s9999 xx 000 0 und d aGregoire, Roger 0a(The) University teaching of social sciencesbbusinmess management aParisbUNESCOc1960 a220